Paroles Indochine - Little Dolls - Statistiques

Statistiques générales
  • Ce quiz a été pris 63 fois
  • Le résultat moyen est 126 sur 162
Statistiques - réponses
Hints Réponse % Correct
l'a
92%
la
92%
à
89%
a
89%
de
89%
me
89%
moi
89%
mon
89%
nous
89%
âge
86%
avec
86%
Couplet 1 Et
86%
et
86%
Je
86%
je
86%
le
86%
on
86%
Couplet 2 On
86%
toi
86%
tu
86%
encore
84%
que
84%
te
84%
vie
84%
aime
81%
Aime
81%
ce
81%
Est
81%
est
81%
étions
81%
Refrain J'attends
81%
j'attends
81%
lit
81%
morts
81%
nouveau
81%
ou
81%
pour
81%
si
81%
avant
78%
bien
78%
embrasse
78%
grands
78%
place
78%
rester
78%
sera
78%
ton
78%
vieux
78%
vivants
78%
chance
76%
changé
76%
forts
76%
laisse
76%
partions
76%
Quand
76%
rappelle
76%
réveil
76%
une
76%
devant
73%
J'ai
73%
j'ai
73%
ne
73%
parlera
73%
peur
73%
sommeil
73%
va
73%
veux
73%
Dieu
70%
jamais
70%
longtemps
70%
plus
70%
fauchés
68%
suivre
68%
tous
68%
vidé
68%
m'effaces
65%
m'enfuir
65%
qu'on
65%
sont
65%
Maintenant
62%
qu'ils
62%
s'aimera
62%
sauve
62%
ça
57%
éclairés
57%
m'embrasses
57%
Imagine
54%
temps
54%
Pont Combien
51%
combien
51%
demain
51%
fois
51%
Alors
46%
mens
43%
pourras
43%
sauras
43%
m'attendras
41%
Même
41%
Refrain Embrasses
30%
Aucun quiz correspondant
Distribution des résultats
% des personnes avec chaque résultat
Percentile par nombre de réponses
Votre historique - résultats
Vous n’avez pas pris ce quiz